<?xml version="1.0" encoding="UTF-8"?>
<marc:record xmlns:marc="http://www.loc.gov/MARC21/slim">
   <marc:leader>00000nam a2200000 a 4500</marc:leader>
   <marc:datafield ind1="1" ind2=" " tag="100">
      <marc:subfield code="a">Boning, Wigald</marc:subfield>
   </marc:datafield>
   <marc:datafield ind1=" " ind2=" " tag="653">
      <marc:subfield code="a">Hörspiel</marc:subfield>
   </marc:datafield>
   <marc:datafield ind1=" " ind2=" " tag="653">
      <marc:subfield code="a">Tiere</marc:subfield>
   </marc:datafield>
   <marc:datafield ind1="0" ind2="0" tag="245">
      <marc:subfield code="a">Die spannende Welt der Tiere</marc:subfield>
   </marc:datafield>
   <marc:datafield ind1="0" ind2="0" tag="245">
      <marc:subfield code="b">vom Einzeller zum Elefanten</marc:subfield>
   </marc:datafield>
   <marc:datafield ind1="0" ind2="0" tag="245">
      <marc:subfield code="c">Gesprochen von Wigald Boning</marc:subfield>
   </marc:datafield>
   <marc:datafield ind1=" " ind2="1" tag="264">
      <marc:subfield code="b">cbj audio</marc:subfield>
      <marc:subfield code="c">2019</marc:subfield>
   </marc:datafield>
   <marc:datafield ind1="1" ind2=" " tag="490">
      <marc:subfield code="a">GEOlino extra</marc:subfield>
   </marc:datafield>
   <marc:datafield ind1="1" ind2=" " tag="520">
      <marc:subfield code="a">Eine Welt mit Riesen, Königinnen und Räubern - das ist die Welt der Tiere. Fast 20 Millionen Tierarten sind bekannt, Forscher vermuten sogar, dass es noch einmal so viele bislang unbekannte  Arten gibt. Wigald Boning taucht ein in das erstaunliche  Reich der Einzeller, berichtet über die Riesen der Tierwelt, die Elefanten, und er stellt sich die Frage, was uns von den Menschenaffen unterscheidet. Außerdem versucht Boning hinter das Geheimnis zu kommen, ob Tiere denken können.</marc:subfield>
   </marc:datafield>
   <marc:datafield ind1="0" ind2=" " tag="490">
      <marc:subfield code="v">0</marc:subfield>
   </marc:datafield>
   <marc:datafield ind1=" " ind2=" " tag="300">
      <marc:subfield code="a">1 CD (ca. 60 Min.)</marc:subfield>
   </marc:datafield>
</marc:record>
